00680nam a2200157Ia 4500008004100000100002300041245009000064245012600154260005300280260001300333300000800346650001500354856006100369999001900430952007300449170221s9999 xx 000 0 und d aDiana I. Mamycheva aInstrumentation Organizational and Economic Support of Labor Motivation of Employees  cDiana I. Mamycheva, Aleksandr V. Melnichuk, Irina V. Taranova, Anatoly I. Chernykh, Elena Yu. Gadzhieva, Vitaly V. Ratiev bInternational Review of Management and Marketing cMay 2014 a3:2 xMarketing. uhttp://www.econjournals.com/index.php/irmm/issue/view/70 c310214d310214 001040aCLbCLd2017-02-21l0r2017-02-21 00:00:00w2017-02-21yFOJ